Normal view MARC view
  • NATIONAL- BUILDING

Entry Topical Term

Number of records used in: 1

001 - CONTROL NUMBER

  • control field: 4722

003 - CONTROL NUMBER IDENTIFIER

  • control field: CBULib

005 - DATE AND TIME OF LATEST TRANSACTION

  • control field: 20250730130908.0

008 - FIXED-LENGTH DATA ELEMENTS

  • fixed length control field: 250730|| aca||babn | a|a d

040 ## - CATALOGING SOURCE

  • Original cataloging agency: CBULib

150 ## - HEADING--TOPICAL TERM

  • Topical term or geographic name entry element: NATIONAL- BUILDING